LEADER 00782nam0 2200253 450 001 9910165759703321 005 20170307100126.0 100 $a20170307d1935----km y0itay50 ba 101 0 $aita 102 $aIT 105 $a 001yy 200 1 $aCalcolo operatorio e studio dei circuiti elettrici in regime transitorio$fArnaldo M. Angelini 210 $aMilano$cStucchi$d1935 215 $a171 p.$cill.$d23 cm 610 0 $aCircuiti elettrici 676 $a621.31 700 1$aAngelini,$bArnaldo M.$f<1909- >$0330930 801 0$aIT$bUNINA$gREICAT$2UNIMARC 901 $aBK 912 $a9910165759703321 952 $a13 B 53 22$b18975$fFINBC 959 $aFINBC 996 $aCalcolo operatorio e studio dei circuiti elettrici in regime transitorio$91469125 997 $aUNINA LEADER 01101nam a2200301 i 4500 001 991000910289707536 005 20020507175701.0 008 950802s1934 us ||| | eng 020 $a0821810197 035 $ab10774488-39ule_inst 035 $aLE01304182$9ExL 040 $aDip.to Matematica$beng 082 0 $a515.723 084 $aAMS 42A38 100 1 $aPaley, Raymond E. A. C.$049711 245 10$aFourier transforms in the complex domain /$cby Raymond E. A. C. Paley and Norbert Wiener 250 $a1st ed., 8th print 260 $aProvidence, R. I. :$bAmerican Mathematical Society,$c1934 300 $ax, 184 p. ;$c26 cm 490 0 $aColloquium publications, $x0065-9258 ;$v19 650 4$aFourier transforms 700 1 $aWiener, Norbert 907 $a.b10774488$b23-02-17$c28-06-02 912 $a991000910289707536 945 $aLE013 42A PAL11 (1934)$g1$i2013000032085$lle013$o-$pE0.00$q-$rl$s- $t0$u0$v0$w0$x0$y.i10873260$z28-06-02 996 $aFourier transforms in the complex domain$9338467 997 $aUNISALENTO 998 $ale013$b01-01-95$cm$da $e-$feng$gus $h0$i1